| 000 | 00387nam a2200169Ia 4500 | ||
|---|---|---|---|
| 005 | 20250423094619.0 | ||
| 008 | 250422s9999 xx 000 0 und d | ||
| 020 | _a9781419354274 | ||
| 050 | _aPZ 3 .A7535 .B1/ | ||
| 100 | _aArnold, Elliot | ||
| 245 | 0 | _aBlood brother | |
| 260 | _aNew York | ||
| 260 | _bDuell Sloan and Pearce | ||
| 260 | _c1950 | ||
| 300 | _a558 p | ||
| 942 | _cBK | ||
| 999 |
_c27771 _d27771 |
||